Представление документа в формате MARC21

Поле Инд. ПП Название Значение
Тип записи a
Библиографический уровень b
001 Контрольный номер RU/IS/BASE/247338869
005 Дата корректировки 20220905145146.1
008 Кодируемые данные 20071102
040 b Код языка каталог. rus
e Правила каталог. PSBO
041 0_ a Код языка текста rus
084 a Индекс другой классификации/Индекс ББК 63.3(0)532
100 1_ a Автор Котенев В. А.
q Полное имя Котенев Владимир Алексеевич
245 10 a Заглавие Ответственность за военные преступления в годы Первой мировой войны
504 a Библиография Лит. в примеч. в конце статьи
520 a Аннотация "Широкое использование во время войны многозарядных винтовок, пулеметов, артиллерии и отравляющих газов привели к "обезличиванию" процесса уничтожения противника, убийство перестало быть "персонифицированным", обеспечив его "массовость". Такие военные преступления заставили лидеров стран Антанты поднять эту проблему на государственный уровень, а после окончания войны сделать ее предметом международного обсуждения."
650 a Основная рубрика история
653 1_ a Ключевые слова XX век
a Ключевые слова Антанта
a Ключевые слова военные потери
a Ключевые слова военные преступления
a Ключевые слова войны
a Ключевые слова Германия
a Ключевые слова людские потери
a Ключевые слова международное право
a Ключевые слова общественное мнение
a Ключевые слова ответственность за преступления
a Ключевые слова Первая мировая война 1914-1918
773 0_ t Заглавие источника Вопросы истории
d Дата издания источника 2007
g Прочая информация № 6. - С. 138 - 142
w Контрольный № источника RU/IS/BASE/236267100
901 t Тип документа b